Katalog Plus
Bibliothek der Frankfurt UAS
Bald neuer Katalog: sichern Sie sich schon vorab Ihre persönlichen Merklisten im Nutzerkonto: Anleitung.

Financial Microeconometrics

Titel: Financial Microeconometrics : A Research Methodology in Corporate Finance and Accounting / by Marek Gruszczyński
Verfasser:
Ausgabe: 1st ed. 2020
Veröffentlicht: Cham : Springer International Publishing, 2020
Umfang: 1 Online-Ressource (XX, 215 Seiten) : 10 illus.
Format: E-Book
Sprache: Englisch
RVK-Notation:
Schlagworte:
Andere Ausgaben: Erscheint auch als Druck-Ausgabe: Gruszczyński, Marek. Financial Microeconometrics. - Cham : Springer International Publishing, 2020
ISBN: 9783030342197 ; 3030342190 ; 9783030342180 ; 9783030342203 ; 9783030342210
Buchumschlag
X
alg: 45632591
001A    $06055:01-12-19 
001B    $06055:14-03-26 $t20:56:09.000 
001D    $06055:01-12-19 
001U    $0utf8 
001X    $00 
002@    $0Oax 
002C    $aText $btxt $2rdacontent 
002D    $aComputermedien $bc $2rdamedia 
002E    $aOnline-Ressource $bcr $2rdacarrier 
003@    $0456325913 
004A    $A978-3-030-34219-7 
004A    $03-030-34219-0 
004E/04 $0SpringerNature-41170 $fSubject Collection Economics and Finance 
004E/04 $0SpringerNature-43720 $fSubject Collection Economics and Finance (R0) 
004O    $A978-3-030-34218-0 $Sp 
004O    $A978-3-030-34220-3 $Sp 
004O    $A978-3-030-34221-0 $Sp 
004P    $010.1007/978-3-030-34219-7 $SV394 
007A    $0456325913 $aHEB 
007I    $0Springer978-3-030-34219-7 
009P    $qtext/html $3Inhaltsverzeichnis $uhttp://scans.hebis.de/HEBCGI/show.pl?45632591_toc.html $mX:DE-He213 
009P    $qtext/html $3Ausführliche Beschreibung $uhttp://scans.hebis.de/HEBCGI/show.pl?45632591_aub.html $mX:DE-He213 
009Q    $SV394 $uhttps://doi.org/10.1007/978-3-030-34219-7 $xR 
010@    $aeng 
010E    $erda 
011@    $a2020 
017B    $aZDB-2-ECF 
017B    $aZDB-2-SXEF 
021A    $aFinancial Microeconometrics $dA Research Methodology in Corporate Finance and Accounting $hby Marek Gruszczyński 
028A    $BVerfasser $4aut $D20231015 $Ecgwrk $8Gruszczyński, Marek$Z1948- [Tp3] $9458141674 
032@    $a1st ed. 2020 
033A    $pCham $nSpringer International Publishing 
033E    $pCham $nSpringer International Publishing AG 
034D    $a1 Online-Ressource (XX, 215 Seiten) 
034M    $a10 illus. 
039D    $aErscheint auch als $tFinancial Microeconometrics $dCham $eSpringer International Publishing $f2020 $z978-3-030-34218-0 $lGruszczyński, Marek $nDruck-Ausgabe 
044A    $aEconometrics $S#0 $N650 
044A    $aBusiness enterprises $S#0 $xFinance $N650 
044A    $aAccounting $S#0 $N650 
044A    $aMicroeconomics $S#0 $N650 
044A    $aMacroeconomics $S#0 $N650 
044A    $aEconometrics $S14 $N650 
044A    $aCorporate Finance $S24 $N650 
044A    $aFinancial Accounting $S24 $N650 
044A    $aMicroeconomics $S24 $N650 
044A    $aMacroeconomics and Monetary Economics $S24 $N650 
044K    $RWirtschaftstheorie $RVolkswirtschaftslehre $#Microeconomics $#Microéconomie $#Microeconomía $#Mikroökonomik $#Mikroökonomie $#Mikroökonomie $#Mikroökonomik $D20251120 $Ecgmnf $74039225-9 $8Mikroökonomie [Ts1] $9085106909 
044K    $RWirtschaftsmathematik $#Econometrics $#Économétrie $#Econometria $#Econometría $#Ökonometrie $#Ökonometrie $#Ökonometrie $#Ökonometrische Analyse $D20251120 $Ecgmnf $74132280-0 $8Ökonometrie [Ts1] $9085475246 
045B    $a330.015195 $eDDC23eng 
045E    $c330 
045Z    $D20251120 $Ecgmnf $8QH 300 [Tkv] $9411127594 
045Z    $D20251120 $Ecgmnf $8QH 330 [Tkv] $9411127624 
045Z    $D20251120 $Ecgmnf $8QP 700 [Tkv] $9411131192 

lok: 45632591 3
101B    $018-12-19 $t09:18:43.000 
101C    $018-12-19 
101U    $0utf8 
145S/01 $a008 

exp: 45632591 3 1 #EPN
201B/01 $018-12-19 $t09:18:43.000 
201C/01 $012-12-19 
201U/01 $0utf8 
203@/01 $01072508869 
204P/01 $010.1007/978-3-030-34219-7 $SV394 
208@/01 $a12-12-19 $bl 
209B/01 $a502 $x05 

lok: 45632591 5

exp: 45632591 5 1 #EPN
201B/01 $012-12-19 $t22:40:15.861 
201C/01 $012-12-19 
201U/01 $0utf8 
203@/01 $01072508877 
204P/01 $010.1007/978-3-030-34219-7 $SV394 
208@/01 $a12-12-19 $bl 

lok: 45632591 20

exp: 45632591 20 1 #EPN
201B/01 $009-01-20 $t22:41:25.018 
201C/01 $009-01-20 
201U/01 $0utf8 
203@/01 $01074629426 
204P/01 $010.1007/978-3-030-34219-7 $SV394 
208@/01 $a09-01-20 $bl 

lok: 45632591 21

exp: 45632591 21 1 #EPN
201B/01 $030-01-20 $t00:21:30.137 
201C/01 $029-01-20 
201U/01 $0utf8 
203@/01 $01077688830 
204P/01 $010.1007/978-3-030-34219-7 $SV394 
208@/01 $a29-01-20 $bl 

lok: 45632591 204

exp: 45632591 204 1 #EPN
201B/01 $028-03-20 $t22:23:37.121 
201C/01 $028-03-20 
201U/01 $0utf8 
203@/01 $01090042973 
204P/01 $010.1007/978-3-030-34219-7 $SV394 
208@/01 $a28-03-20 $bl
LEADER 00000cam a22000002c 4500
001 456325913
003 DE-603
005 20260314205609.0
007 cr||||||||||||
008 191201s2020 xx |||| o| u00||u|eng c
020 |a 9783030342197 
020 |a 3030342190 
024 7 |a 10.1007/978-3-030-34219-7  |2 doi 
028 5 2 |a SpringerNature-41170 
028 5 2 |a SpringerNature-43720 
035 |a (DE-599)HEB456325913 
040 |a DE-603  |b ger  |c DE-603  |d DE-603  |e rda 
041 |a eng 
082 7 |a 330.015195  |2 23/eng 
084 |a 330  |q DE-101  |2 sdnb 
084 |a QH 300  |0 (DE-625)141566:  |0 (DE-603)411127594  |2 rvk 
084 |a QH 330  |0 (DE-625)141569:  |0 (DE-603)411127624  |2 rvk 
084 |a QP 700  |0 (DE-625)141926:  |0 (DE-603)411131192  |2 rvk 
100 1 |a Gruszczyński, Marek  |d 1948-  |e Verfasser  |4 aut  |0 (DE-603)458141674  |0 (DE-588)1203668430  |2 gnd 
245 0 0 |a Financial Microeconometrics  |b A Research Methodology in Corporate Finance and Accounting  |c by Marek Gruszczyński 
250 |a 1st ed. 2020 
264 1 |a Cham  |b Springer International Publishing  |c 2020 
264 2 |a Cham  |b Springer International Publishing AG 
300 |a 1 Online-Ressource (XX, 215 Seiten)  |b 10 illus. 
336 |a Text  |b txt  |2 rdacontent 
337 |a Computermedien  |b c  |2 rdamedia 
338 |a Online-Ressource  |b cr  |2 rdacarrier 
650 7 |a Mikroökonomie  |0 (DE-588)4039225-9  |0 (DE-603)085106909  |2 gnd 
650 7 |a Ökonometrie  |0 (DE-588)4132280-0  |0 (DE-603)085475246  |2 gnd 
776 0 8 |i Erscheint auch als  |n Druck-Ausgabe  |a Gruszczyński, Marek  |t Financial Microeconometrics  |d Cham : Springer International Publishing, 2020  |z 9783030342180 
776 1 |z 9783030342180 
776 1 |z 9783030342203 
776 1 |z 9783030342210 
856 |u https://doi.org/10.1007/978-3-030-34219-7  |x Resolving-System 
856 4 2 |m X:DE-He213  |q text/html  |u http://scans.hebis.de/HEBCGI/show.pl?45632591_toc.html  |3 Inhaltsverzeichnis 
856 4 2 |m X:DE-He213  |q text/html  |u http://scans.hebis.de/HEBCGI/show.pl?45632591_aub.html  |3 Ausführliche Beschreibung 
912 |a ZDB-2-ECF 
924 1 |9 603  |a (DE-603)1072508869  |b DE-603  |c HES  |d d 
924 1 |9 603  |a (DE-603)1072508877  |b DE-603  |c HES  |d d 
924 1 |9 603  |a (DE-603)1074629426  |b DE-603  |c HES  |d d 
924 1 |9 603  |a (DE-603)1077688830  |b DE-603  |c HES  |d d 
924 1 |9 603  |a (DE-603)1090042973  |b DE-603  |c HES  |d d